Statistics for African Countries With A Coastline

Click here to take the quiz!

General Stats

  • This quiz has been taken 40 times
  • The average score is 32 of 36

Answer Stats

African Country With A Coastline% Correct
Egypt
100%
Algeria
97%
Morocco
97%
Senegal
97%
South Africa
97%
Cape Verde
95%
Eritrea
95%
Ivory Coast
95%
Kenya
95%
Liberia
95%
Libya
95%
Somalia
95%
Tanzania
95%
Ghana
92%
Guinea
92%
Madagascar
92%
Mozambique
92%
Angola
90%
Benin
90%
Gabon
90%
Gambia
90%
Guinea Bissau
90%
Togo
90%
Dr Congo
87%
Equatorial Guinea
87%
Nigeria
87%
Sao Tome
87%
Seychelles
87%
Cameroon
85%
Comoros
85%
Congo
85%
Mauritania
85%
Sierra Leone
82%
Mauritius
79%
Sudan
67%
Nambia
21%

Score Distribution

Percentile by Number Answered

Percent of People with Each Score

Your Score History

You have not taken this quiz